| 000 | 00670nam a2200205Ia 4500 | ||
|---|---|---|---|
| 003 | GCL | ||
| 008 | 140319s9999 xx 000 0 ara d | ||
| 040 |
_aGCL / _cGCL |
||
| 082 | 0 | 4 |
_a341.24 _bم ح |
| 100 | 1 | _aمحمد نعمان جلال | |
| 245 | 1 | 0 |
_aحركة عدم الانحياز فى عالم متغير / _cمحمد نعمان جلال |
| 260 |
_a[S.N] : _bالهيئة المصرية العامة للكتاب ، _c1987 |
||
| 300 | _a183 ص | ||
| 490 | _a | ||
| 650 | 0 | 4 | _aالدول النامية |
| 650 | 0 | 4 | _aالسياسة الدولية |
| 650 | 0 | 4 | _aالاحوال الاقتصادية |
| 650 | 0 | 4 | _aحركات التحرير |
| 942 |
_2ddc _cBK |
||
| 999 |
_c32364 _d32364 |
||